000 00795nam a2200229 u 4500
005 20240924063833.0
008 131202s2005 r 000 0 eng d
020 _a9789706413918
035 _aUPN01000194424
049 _aLT
050 4 _aLB1589 M6
_bZ8.2 LE
100 1 _aZúñiga Topete, Jorge Arturo
_935354
245 1 0 _aCálculo mental y estimación de resultados 1 /
_cJorge A. Zúñiga Topete, Enrique Zúñiga Topete, H. Ignacio Zúñiga Topete.
260 _aMéxico :
_bProgreso,
_c2005.
300 _a79 p.
440 0 _aCuadernos de trabajo
650 4 _aAritmética
_xEstudio y enseñanza (Elemental)
_95289
650 4 _aAptitud creadora en niños
_9462
700 1 _aZúñiga Topete, Enrique,
_ecoaut.
700 1 _aZúñiga Topete, H. Ignacio.
_ecoaut.
905 _aLibro
999 _c166525
_d166525